| 000 | 00724nam a2200193Ia 4500 | ||
|---|---|---|---|
| 008 | 151121s9999||||xx |||||||||||||| ||und|| | ||
| 082 | _a833/अश्क | ||
| 082 | _bHNW-22370 | ||
| 100 | _aअश्क उपेन्द्रनाथ | ||
| 245 | _aउबाल और अन्य कहानियाँ | ||
| 260 | _b"नीलाभ प्रकाशन, इलाहाबाद" | ||
| 260 | _c-- | ||
| 300 | _a180 | ||
| 600 | _aअश्क उपेन्द्रनाथ | ||
| 630 | _aउबाल और अन्य कहानियाँ | ||
| 700 | _aअश्क उपेन्द्रनाथ | ||
| 730 | _aउबाल और अन्य कहानियाँ | ||
| 942 | _cBOOK | ||
| 999 |
_c1222007 _d1222004 |
||